000 00525nam a22001697a 4500
005 20150513104810.0
008 150512b xxu||||| |||| 00| 0 eng d
040 _aANE
041 _aEs
084 _aVIRTUAL-1365
100 _aCabral, Facundo
245 _aParaĆ­so a la Deriva
_bMemorias
300 _a103 p.
650 _aFacundo Cabral
856 _uhttp://documentacion.asambleanacional.gob.ec/alfresco/d/d/workspace/SpacesStore/1bb89022-a3e2-4a5f-863c-937b9cf5b368/VIRTUAL%20-%20001369.pdf
942 _2ddc
_cBV
_zmbc
999 _c28726
_d28726